Score 0/70 Timer 15:00
0 Plays Today
% Correct
Switzerland
93.7%
Albania
87.4%
Belarus
86.5%
Saudi Arabia
84.9%
France
84.8%
Austria
83.9%
Slovakia
81.2%
Japan
80.2%
Georgia
79.7%
Lithuania
78%
Luxembourg
77.6%
Iceland
77.3%
Russia
77.2%
Venezuela
76.6%
Germany
75.5%
Hong Kong (China)
74.7%
Hungary
74%
Isle of Man (British Crown Dependency)
72.9%
Morocco
72.9%
Spain
72.8%
Turkmenistan
71.8%
Italy
71.7%
Faroe Islands (Denmark)
70.5%
Croatia
70.5%
Montenegro
68.1%
Sweden
66.5%
Andorra
64.1%
Guatemala
62.6%
Ukraine
62.4%
Thailand
62.1%
South Africa
62%
Mongolia
61.5%
Tanzania
60.7%
South Korea
60.3%
Quebec (Canada)
60.3%
% Correct
Kyrgyzstan
59.6%
Bosnia and Herzegovina
59.6%
Mexico
59.6%
Monaco
57%
Afghanistan
56.6%
India
54.3%
Haiti
54.1%
Malta
52.1%
Cabo Verde
51.1%
Ivory Coast
48.6%
Brazil
48.1%
Queensland (Australia)
47.1%
Lesotho
46.8%
Iran
46.3%
Liechtenstein
45.1%
Israel
41.8%
Laos
40.2%
Panama
40.2%
Papua New Guinea
38%
Nepal
36.8%
Oman
36.1%
Micronesia
34.5%
Chad
34.5%
United Arab Emirates
34.3%
Macedonia
29.5%
Myanmar
29.3%
Guam (USA)
27.9%
Colombia
26.1%
Palestine
24.9%
Egypt
24.7%
Uruguay
22.4%
Fiji
21.8%
Ethiopia
20.6%
Vanuatu
20.2%
Vatican
17.6%
Remove Ads.
Support Sporcle.
Get the best of Sporcle when you Go Orange. This ad-free experience offers more features, more stats, and more fun while also helping to support Sporcle. Thank you for becoming a member.

You're not logged in!

Compare scores with friends on all Sporcle quizzes.
OR
Log In

Show Comments

Extras

Top Quizzes Today


Score Distribution

Your Account Isn't Verified!

In order to create a playlist on Sporcle, you need to verify the email address you used during registration. Go to your Sporcle Settings to finish the process.

Report this User

Report this user for behavior that violates our Community Guidelines.

Details: